New institutions for human rights protection (Record no. 440514)

000 -LEADER
fixed length control field 00448cam a22001577a 4500
008 - FIXED-LENGTH DATA ELEMENTS--GENERAL INFORMATION
fixed length control field 180718b2009 xxu||||| |||| 00| 0 eng d
020 ## - INTERNATIONAL STANDARD BOOK NUMBER
International Standard Book Number 9780199570546
082 ## - DEWEY DECIMAL CLASSIFICATION NUMBER
Classification number C41 B697n
100 ## - MAIN ENTRY--PERSONAL NAME
Personal name Boyle, Kevin
245 ## - TITLE STATEMENT
Title New institutions for human rights protection
Statement of responsibility, etc. edited by Kevin Boyle
260 ## - PUBLICATION, DISTRIBUTION, ETC.
Place of publication, distribution, etc. Oxford
Name of publisher, distributor, etc. Oxford Univ. Press
Date of publication, distribution, etc. 2009
300 ## - PHYSICAL DESCRIPTION
Extent 217p.
650 ## - SUBJECT ADDED ENTRY--TOPICAL TERM
Topical term or geographic name entry element International agencies
650 ## - SUBJECT ADDED ENTRY--TOPICAL TERM
Topical term or geographic name entry element Human rights
650 ## - SUBJECT ADDED ENTRY--TOPICAL TERM
Topical term or geographic name entry element United Nations
Holdings
Withdrawn status Lost status Damaged status Not for loan Permanent Location Current Location Date acquired Full call number Barcode Date last seen Price effective from Koha item type
        Indian Institute of Public Administration Indian Institute of Public Administration 2010-05-19 C41 B697n 83730 2018-07-21 2018-07-21 Book

Powered by Koha